Bifronte

Guardado en:
Bibliografiske detaljer
Hovedforfatter: Campos, Carlos
Format: Bog
Sprog:Undetermined
Udgivet: Barcelona, España Planeta 1981
Fag:
Tags: Tilføj Tag
Ingen Tags, Vær først til at tagge denne postø!

MARC

LEADER 00000nam a2200000Ia 4500
008 170316s9999 xx 000 0 und d
040 |a cru BVZT 
090 |a 862 C-9b 
100 |a Campos, Carlos 
245 |a Bifronte 
260 |a Barcelona, España 
260 |b Planeta 
260 |c 1981 
300 |a 221 páginas 
650 |a LITERATURA ESPAÑOLA 
999 |c 9784  |d 9784 
942 |c 15 D  |h 862 C-9b  |2 z